[Event "Karelia-ch"]
[Site "Petrozavodsk"]
[Date "2014.02.21"]
[Round "5"]
[White "Ivanov, Sergey A"]
[Black "Rumak, Mikhail A"]
[Result "1-0"]
[WhiteElo "2312"]
[BlackElo "2114"]
[PlyCount "40"]
[EventDate "2014.02.18"]
[EventType "swiss"]
[EventRounds "9"]
[EventCountry "RUS"]
[SourceTitle "EXT 2016"]
[Source "ChessBase"]
[SourceDate "2015.10.08"]
[SourceVersion "1"]
[SourceVersionDate "2015.10.08"]
[SourceQuality "1"]

1. e4 c5 2. Nc3 d6 3. f4 e5 4. Nf3 exf4 5. Bc4 Be6 6. d3 g5 7. h4 Bxc4 8. dxc4 g4 9. Ng1 h5 10. Bxf4 Nc6 11. Qd2 Qd7 12. Nb5 0-0-0 13. 0-0-0 Nf6 14. Qc3 Qe6 15. Bg5 Be7 16. Qb3 Nxe4 17. Bxe7 Qxe7 18. Ne2 a6 19. Rd5 axb5 20. cxb5 Na7 1-0

[Event "Karelia-ch"]
[Site "Petrozavodsk"]
[Date "2014.02.21"]
[Round "6"]
[White "Rumak, Mikhail A"]
[Black "Sawolainen, Leo"]
[Result "1-0"]
[WhiteElo "2114"]
[BlackElo "2094"]
[PlyCount "36"]
[EventDate "2014.02.18"]
[EventType "swiss"]
[EventRounds "9"]
[EventCountry "RUS"]
[SourceTitle "EXT 2016"]
[Source "ChessBase"]
[SourceDate "2015.10.08"]
[SourceVersion "1"]
[SourceVersionDate "2015.10.08"]
[SourceQuality "1"]

1. d4 e6 2. c4 d5 3. Nf3 Nf6 4. g3 Ne4 5. Bg2 c6 6. Nbd2 f5 7. 0-0 Be7 8. Ne5 Qb6 9. Nxe4 fxe4 10. f3 Bf6 11. c5 Qc7 12. fxe4 Bxe5 13. dxe5 Rf8 14. Bf4 Kf7 15. exd5 cxd5 16. Bxd5 Kg8 17. Be4 Qxc5+ 18. e3 Nc6 1-0

[Event "Karelia-ch"]
[Site "Petrozavodsk"]
[Date "2014.02.20"]
[Round "4"]
[White "Rumak, Mikhail A"]
[Black "Dokutchaev, Aleksander"]
[Result "1/2-1/2"]
[WhiteElo "2114"]
[BlackElo "2420"]
[PlyCount "84"]
[EventDate "2014.02.18"]
[EventType "swiss"]
[EventRounds "9"]
[EventCountry "RUS"]
[SourceTitle "EXT 2016"]
[Source "ChessBase"]
[SourceDate "2015.10.08"]
[SourceVersion "1"]
[SourceVersionDate "2015.10.08"]
[SourceQuality "1"]

1. d4 d6 2. c4 e5 3. e4 exd4 4. Qxd4 Nc6 5. Qd1 g6 6. Nc3 Bg7 7. h3 Nf6 8. Nf3 0-0 9. Bd3 Ne5 10. Nxe5 dxe5 11. 0-0 Nh5 12. Re1 Nf4 13. Bf1 Ne6 14. Qxd8 Rxd8 15. Be3 c6 16. Red1 Nd4 17. Rac1 Be6 18. b3 Rd7 19. f3 Rad8 20. Kf2 f5 21. Ne2 fxe4 22. fxe4 Bf6 23. Rd2 Bh4+ 24. g3 Be7 25. Rcd1 Bc5 26. Nxd4 exd4 27. Bf4 Bb4 28. Rd3 a6 29. Be5 Bc3 30. Kg2 b5 31. cxb5 axb5 32. g4 c5 33. Rf3 c4 34. bxc4 Bxc4 35. Bf6 Rf8 36. Bxc4+ bxc4 37. Rxc3 dxc3 38. Rxd7 Rxf6 39. Rc7 Ra6 40. Rxc4 Rxa2+ 41. Kf3 Rh2 42. Kg3 Re2 1/2-1/2

[Event "Karelia-ch"]
[Site "Petrozavodsk"]
[Date "2014.02.19"]
[Round "2"]
[White "Rumak, Mikhail A"]
[Black "Ermakov, Evgeny S"]
[Result "1/2-1/2"]
[WhiteElo "2114"]
[BlackElo "2046"]
[PlyCount "66"]
[EventDate "2014.02.18"]
[EventType "swiss"]
[EventRounds "9"]
[EventCountry "RUS"]
[SourceTitle "EXT 2016"]
[Source "ChessBase"]
[SourceDate "2015.10.08"]
[SourceVersion "1"]
[SourceVersionDate "2015.10.08"]
[SourceQuality "1"]

1. e4 e5 2. f4 exf4 3. Nf3 d5 4. exd5 Nf6 5. Bb5+ c6 6. dxc6 bxc6 7. Bc4 Qe7+ 8. Be2 Ba6 9. Nc3 Nd5 10. Nxd5 cxd5 11. d3 Qc7 12. 0-0 Bd6 13. c4 0-0 14. b3 dxc4 15. dxc4 Re8 16. Bb2 Nc6 17. Qc2 Rad8 18. Ng5 g6 19. Ne4 Be5 20. Nf6+ Bxf6 21. Bxf6 Nd4 22. Bxd4 Rxd4 23. Bf3 Qc5 24. Kh1 Bc8 25. Rad1 Re3 26. Rxd4 Qxd4 27. Rd1 Bf5 28. Qc1 Qe5 29. Rf1 Bd3 30. Rd1 Be2 31. Bxe2 Rxe2 32. Qa1 Rd2 33. h3 Qe2 1/2-1/2

[Event "Karelia-ch 65th"]
[Site "Kondopoga"]
[Date "2012.02.22"]
[Round "2"]
[White "Yaakkimainen, Vyaino R"]
[Black "Rumak, Mikhail A"]
[Result "1/2-1/2"]
[WhiteElo "2169"]
[BlackElo "2123"]
[PlyCount "81"]
[EventDate "2012.02.21"]
[EventType "swiss"]
[EventRounds "9"]
[EventCountry "RUS"]
[SourceTitle "EXT 2013"]
[Source "ChessBase"]
[SourceDate "2012.11.22"]
[SourceVersion "1"]
[SourceVersionDate "2012.11.22"]
[SourceQuality "1"]

1. e4 c5 2. Nf3 d6 3. c3 Nf6 4. Be2 e5 5. Bb5+ Bd7 6. Bxd7+ Qxd7 7. d3 Nc6 8. 0-0 Be7 9. Re1 0-0 10. Nbd2 Ne8 11. d4 cxd4 12. cxd4 Nxd4 13. Nxd4 exd4 14. Nf3 f5 15. Qb3+ Kh8 16. e5 Rc8 17. Bf4 Nc7 18. Rad1 dxe5 19. Nxe5 Qd5 20. Qh3 Kg8 21. Ng6 hxg6 22. Rxe7 Ne6 23. Qg3 Rf7 24. Rxf7 Kxf7 25. Bg5 Rc2 26. h4 Nxg5 27. Qxg5 d3 28. h5 gxh5 29. Qxh5+ Kf8 30. Qh8+ Qg8 31. Qh3 Qc4 32. Qxf5+ Qf7 33. Qxf7+ Kxf7 34. Rxd3 Rxb2 35. Ra3 a6 36. Ra5 Rb1+ 37. Kh2 Rb2 38. Kg1 Rb1+ 39. Kh2 Rb2 40. Kg1 Rb1+ 41. Kh2 1/2-1/2

[Event "Karelian op 10th"]
[Site "Petrozavodsk"]
[Date "2010.10.13"]
[Round "6"]
[White "Yaakkimainen, Vyaino R"]
[Black "Rumak, Mikhail A"]
[Result "0-1"]
[WhiteElo "2252"]
[BlackElo "2078"]
[PlyCount "50"]
[EventDate "2010.10.01"]
[EventType "swiss"]
[EventRounds "9"]
[EventCountry "RUS"]
[SourceTitle "EXT 2022"]
[Source "ChessBase"]
[SourceDate "2021.10.06"]
[SourceVersion "1"]
[SourceVersionDate "2021.10.06"]
[SourceQuality "1"]

1. e4 d5 2. exd5 Qxd5 3. Nc3 Qa5 4. d4 c6 5. Bc4 Nf6 6. Nf3 Bf5 7. 0-0 e6 8. Re1 Be7 9. Ne5 0-0 10. g4 Bg6 11. h4 Nd5 12. h5 Nxc3 13. bxc3 Qxc3 14. Bd2 Qxd4 15. hxg6 hxg6 16. Qe2 Nd7 17. Nxg6 fxg6 18. Bxe6+ Kh7 19. Kg2 Bh4 20. Be3 Qe4+ 21. Kh3 Qxe6 22. Kxh4 Rae8 23. Kg3 Nf6 24. c4 Ne4+ 25. Kg2 Nc3 0-1

[Event "Karelian op 10th"]
[Site "Petrozavodsk"]
[Date "2010.10.12"]
[Round "5"]
[White "Rumak, Mikhail A"]
[Black "Sharshutin, Sergey"]
[Result "1/2-1/2"]
[WhiteElo "2078"]
[BlackElo "2013"]
[PlyCount "48"]
[EventDate "2010.10.01"]
[EventType "swiss"]
[EventRounds "9"]
[EventCountry "RUS"]
[SourceTitle "EXT 2022"]
[Source "ChessBase"]
[SourceDate "2021.10.06"]
[SourceVersion "1"]
[SourceVersionDate "2021.10.06"]
[SourceQuality "1"]

1. d4 Nf6 2. c4 g6 3. Nf3 Bg7 4. g3 0-0 5. Bg2 c6 6. 0-0 d6 7. Nc3 Nbd7 8. e4 e5 9. h3 Qb6 10. d5 cxd5 11. cxd5 Nc5 12. Nd2 a6 13. Qe2 Qc7 14. a4 b6 15. b4 Nb3 16. Nxb3 Qxc3 17. Qa2 Bd7 18. Bd2 Qc7 19. Rfc1 Qb7 20. a5 b5 21. Rc3 Rac8 22. Rac1 Rxc3 23. Rxc3 Rc8 24. Qc2 Rxc3 1/2-1/2

[Event "Karelian op 10th"]
[Site "Petrozavodsk"]
[Date "2010.10.09"]
[Round "1"]
[White "Rumak, Mikhail A"]
[Black "Kenina, Marina"]
[Result "1-0"]
[WhiteElo "2078"]
[BlackElo "1870"]
[PlyCount "49"]
[EventDate "2010.10.01"]
[EventType "swiss"]
[EventRounds "9"]
[EventCountry "RUS"]
[SourceTitle "EXT 2022"]
[Source "ChessBase"]
[SourceDate "2021.10.06"]
[SourceVersion "1"]
[SourceVersionDate "2021.10.06"]
[SourceQuality "1"]

1. d4 Nf6 2. c4 g6 3. Nc3 Bg7 4. e4 d6 5. f3 0-0 6. Be3 e5 7. d5 c5 8. Qd2 Na6 9. g4 Bd7 10. Nge2 Nc7 11. Ng3 a6 12. h4 b5 13. h5 b4 14. Nce2 a5 15. Bh6 Qe7 16. Nf5 Bxf5 17. Bxg7 Kxg7 18. exf5 e4 19. g5 exf3 20. gxf6+ Qxf6 21. hxg6 h5 22. Ng3 fxg6 23. 0-0-0 Rh8 24. fxg6 Qxg6 25. Bd3 1-0

[Event "Karelia-ch 63rd"]
[Site "Petrozavodsk"]
[Date "2010.02.23"]
[Round "6"]
[White "Drats, Andrey"]
[Black "Rumak, Mikhail A"]
[Result "1/2-1/2"]
[WhiteElo "2101"]
[BlackElo "2044"]
[PlyCount "99"]
[EventDate "2010.02.20"]
[EventType "swiss"]
[EventRounds "9"]
[EventCountry "RUS"]
[SourceTitle "CBM 135 Extra"]
[Source "ChessBase"]
[SourceDate "2010.05.04"]
[SourceVersion "1"]
[SourceVersionDate "2010.05.04"]
[SourceQuality "1"]

1. d4 d5 2. c4 c6 3. Nc3 Nf6 4. Nf3 e6 5. Bg5 Be7 6. e3 Nbd7 7. Qc2 0-0 8. 0-0-0 dxc4 9. Bxc4 b5 10. Bd3 b4 11. Ne4 Nxe4 12. Bxe7 Qxe7 13. Bxe4 Nf6 14. g4 b3 15. axb3 Bb7 16. Rhg1 Nxe4 17. Qxe4 Rfd8 18. g5 c5 19. Qg4 Bxf3 20. Qxf3 cxd4 21. Rxd4 Rac8+ 22. Rc4 Qb4 23. Qe2 Qxb3 24. Rxc8 Rxc8+ 25. Kb1 a5 26. Rc1 Rb8 27. Qc2 Qb7 28. f4 g6 29. Rd1 a4 30. Rd3 Qb4 31. Ka2 e5 32. Qc3 Qxc3 33. Rxc3 exf4 34. exf4 Rb4 35. Rf3 f5 36. gxf6 Kf7 37. Ka3 Rd4 38. f5 g5 39. Rh3 Kxf6 40. Rxh7 Kxf5 41. Ra7 Rd2 42. Rxa4 Rxh2 43. Ra8 g4 44. b4 g3 45. Rg8 g2 46. Ka4 Kf4 47. b5 Rh4 48. Rxg2 Kf3+ 49. Ka5 Kxg2 50. b6 1/2-1/2

[Event "Karelia-ch 63rd"]
[Site "Petrozavodsk"]
[Date "2010.02.22"]
[Round "5"]
[White "Rumak, Mikhail A"]
[Black "Dzhangobegov, Vladimir"]
[Result "0-1"]
[WhiteElo "2044"]
[BlackElo "2296"]
[PlyCount "108"]
[EventDate "2010.02.20"]
[EventType "swiss"]
[EventRounds "9"]
[EventCountry "RUS"]
[SourceTitle "CBM 135 Extra"]
[Source "ChessBase"]
[SourceDate "2010.05.04"]
[SourceVersion "1"]
[SourceVersionDate "2010.05.04"]
[SourceQuality "1"]

1. d4 Nf6 2. Nf3 g6 3. c4 Bg7 4. Nc3 0-0 5. g3 d6 6. Bg2 Nbd7 7. 0-0 e5 8. e4 c6 9. dxe5 dxe5 10. Qe2 Qc7 11. h3 Nc5 12. b4 Ne6 13. Be3 Nd7 14. Rac1 a5 15. b5 Nd4 16. Nxd4 exd4 17. Bf4 Be5 18. Bxe5 Qxe5 19. Na4 Nc5 20. f4 Qe7 21. bxc6 bxc6 22. Nxc5 Qxc5 23. Qd3 Rb8 24. Rfd1 Rd8 25. Rd2 Be6 26. Kh2 Rb4 27. Bf1 Ra4 28. Qc2 Ra3 29. Qb2 Qb4 30. Qc2 c5 31. Rb1 Rc3 32. Qd1 Qa3 33. Rb3 Rxb3 34. axb3 Rb8 35. f5 Bd7 36. Rd3 Qa2+ 37. Kg1 Bc6 38. Qg4 Re8 39. f6 Bxe4 40. Qf4 Kh8 41. Rd2 Qxb3 42. Re2 Bc6 43. Qd6 Qb8 44. Qxc6 Rxe2 45. Bxe2 Qxg3+ 46. Kh1 Qxh3+ 47. Kg1 Qg3+ 48. Kh1 Qe1+ 49. Kg2 Qxe2+ 50. Kg3 Qe5+ 51. Kf3 h5 52. Qc8+ Kh7 53. Qd8 d3 54. Qe7 Qe6 0-1

[Event "Karelia-ch 62nd"]
[Site "Petrozavodsk"]
[Date "2009.02.26"]
[Round "9"]
[White "Rumak, Mikhail A"]
[Black "Yaakkimainen, Vyaino R"]
[Result "1-0"]
[WhiteElo "1935"]
[BlackElo "2258"]
[PlyCount "61"]
[EventDate "2009.02.21"]
[EventType "swiss"]
[EventRounds "9"]
[EventCountry "RUS"]
[SourceTitle "CBM 129 Extra"]
[Source "ChessBase"]
[SourceDate "2009.05.05"]
[SourceVersion "2"]
[SourceVersionDate "2009.05.20"]
[SourceQuality "1"]

1. d4 Nf6 2. c4 e5 3. dxe5 Ng4 4. e4 Nxe5 5. Be3 Bb4+ 6. Nd2 d6 7. Be2 0-0 8. f4 Ng4 9. Bxg4 Qh4+ 10. g3 Qxg4 11. Qxg4 Bxg4 12. Kf2 Nd7 13. h3 Be6 14. Ngf3 f6 15. a3 Bc5 16. Rac1 Rae8 17. Bxc5 Nxc5 18. Rc3 f5 19. Ng5 Bc8 20. exf5 Bxf5 21. g4 Bd3 22. Kg3 Re2 23. Ngf3 Be4 24. Rd1 Na4 25. Nxe4 Rxe4 26. Rc2 Rexf4 27. Nd4 Nc5 28. Nf5 Re4 29. Rf1 Rfe8 30. Rcf2 Rxc4 31. Ne7+ 1-0

[Event "Karelia-ch 62nd"]
[Site "Petrozavodsk"]
[Date "2009.02.24"]
[Round "6"]
[White "Nasonov, Vadim"]
[Black "Rumak, Mikhail A"]
[Result "0-1"]
[WhiteElo "2199"]
[BlackElo "1935"]
[PlyCount "89"]
[EventDate "2009.02.21"]
[EventType "swiss"]
[EventRounds "9"]
[EventCountry "RUS"]
[SourceTitle "CBM 129 Extra"]
[Source "ChessBase"]
[SourceDate "2009.05.05"]
[SourceVersion "2"]
[SourceVersionDate "2009.05.20"]
[SourceQuality "1"]

1. d4 Nf6 2. g3 d5 3. Bg2 c5 4. c4 dxc4 5. Qa4+ Nbd7 6. dxc5 e5 7. c6 bxc6 8. Bxc6 Rb8 9. Qxa7 Rb6 10. Qa4 Bb4+ 11. Bd2 Bxd2+ 12. Nxd2 0-0 13. Qxc4 Rxb2 14. Qc3 Rb6 15. Bg2 Ba6 16. Nb3 Qe7 17. Nf3 Rc8 18. Qe3 Nd5 19. Qd2 Nc3 20. Rc1 Qb4 21. Rxc3 Qxc3 22. Qxc3 Rxc3 23. Kd2 Rc7 24. Rc1 Rxc1 25. Nxc1 f5 26. h4 g6 27. Ne1 Rd6+ 28. Kc2 Kf7 29. Ned3 e4 30. Nb4 Bb5 31. f3 Nc5 32. fxe4 fxe4 33. Nb3 Nxb3 34. axb3 e3 35. Nd5 Bxe2 36. Nxe3 Rd3 37. Nc4 Rxg3 38. Bd5+ Kf6 39. Nd2 Ke5 40. Bc6 Kd4 41. Bd7 Bd3+ 42. Kc1 Kc3 43. Nb1+ Bxb1 44. Kxb1 Kxb3 45. Kc1 0-1

[Event "Karelia-ch 62nd"]
[Site "Petrozavodsk"]
[Date "2009.02.22"]
[Round "2"]
[White "Yachmenev, Mikhail A"]
[Black "Rumak, Mikhail A"]
[Result "1-0"]
[WhiteElo "2275"]
[BlackElo "1935"]
[PlyCount "79"]
[EventDate "2009.02.21"]
[EventType "swiss"]
[EventRounds "9"]
[EventCountry "RUS"]
[SourceTitle "CBM 129 Extra"]
[Source "ChessBase"]
[SourceDate "2009.05.05"]
[SourceVersion "2"]
[SourceVersionDate "2009.05.20"]
[SourceQuality "1"]

1. e4 e5 2. Nf3 Nc6 3. Bc4 Be7 4. d4 exd4 5. Nxd4 d6 6. 0-0 Nf6 7. Nc3 0-0 8. Re1 Nxd4 9. Qxd4 c6 10. a4 Nd7 11. Bf4 Qc7 12. Rad1 Ne5 13. Bb3 Bg4 14. Rd2 Kh8 15. Qe3 Qc8 16. Qg3 f6 17. Ne2 Be6 18. Nd4 Bxb3 19. Qxb3 Rd8 20. Nf5 Bf8 21. Red1 Qc7 22. Nd4 Rd7 23. Ne6 Qc8 24. Bg3 Be7 25. f4 Ng6 26. f5 Ne5 27. Bxe5 fxe5 28. Qg3 Qg8 29. Qg4 Qf7 30. Rd3 Rg8 31. b3 g6 32. Rf1 gxf5 33. Qxf5 Qxf5 34. exf5 Bf6 35. Nc5 Rdg7 36. Ne4 Rxg2+ 37. Kh1 Bd8 38. Nxd6 R2g7 39. Ne4 Bb6 40. Rg3 1-0